Developing writing skills, level D / (Record no. 110349)
[ view plain ]
| 000 -LEADER | |
|---|---|
| fixed length control field | 00589nam a2200181 a 4500 |
| 001 - CONTROL NUMBER | |
| control field | 3768 |
| 005 - DATE AND TIME OF LATEST TRANSACTION | |
| control field | 20140414131854.0 |
| 008 - FIXED-LENGTH DATA ELEMENTS--GENERAL INFORMATION | |
| fixed length control field | 061012s19uu xx 00 eng d |
| 020 ## - INTERNATIONAL STANDARD BOOK NUMBER | |
| International Standard Book Number | 0-669-02658-1 |
| 050 ## - LIBRARY OF CONGRESS CALL NUMBER | |
| Classification number | TR 808 |
| Item number | P121 1981 |
| 100 ## - MAIN ENTRY--PERSONAL NAME | |
| Personal name | Packard, Charles |
| 245 ## - TITLE STATEMENT | |
| Title | Developing writing skills, level D / |
| Statement of responsibility, etc | by Charles Packard ; illustrations by Dorothea Sierra and Bill Morrison. |
| 260 ## - PUBLICATION, DISTRIBUTION, ETC. (IMPRINT) | |
| Place of publication, distribution, etc | Lexington, Massachusetts : |
| Name of publisher, distributor, etc | D.C. Heath, |
| Date of publication, distribution, etc | 1981. |
| 300 ## - PHYSICAL DESCRIPTION | |
| Extent | 126 p. ; ill. ; cm. |
| 440 ## - SERIES STATEMENT/ADDED ENTRY--TITLE | |
| Title | Heath Composition Series |
| 650 ## - SUBJECT ADDED ENTRY--TOPICAL TERM | |
| Topical term or geographic name as entry element | Writing |
| General subdivision | Juvenile literature |
| Withdrawn status | Lost status | Damaged status | Use restrictions | Home library | Current library | Shelving location | Date acquired | Source of acquisition | Total Checkouts | Full call number | Barcode | Date last seen | Price effective from | Koha item type |
|---|---|---|---|---|---|---|---|---|---|---|---|---|---|---|
| Munich Library | Munich Library | Teachers Reference Section | 10/12/2006 | TR 808 P121 1981 | M0734 | 04/14/2014 | 04/14/2014 | Books |